000 00702cam a22002412 4500
001 7496
003 BD-RjUL
005 20211208234426.0
008 140115s1959 enk 001 0 eng
035 _a(BD-RjUL)7540
040 _aDLC
_cCarP
_dBD-RjUL
_beng
041 _aeng
082 0 4 _a342.73
_bBEA 1959
100 1 _aBeloff, Max
_923411
245 1 4 _aThe American Federal Government /
_cMax Beloff
260 _aLondon ;
_aNew York :
_bOxford University Press,
_c1959.
300 _a247 p.
_c17 cm.
504 _aIncludes index.
651 0 _aUnited States
_xPolitics and government.
_923412
651 0 _aUnited States
_xForeign relations.
_923413
942 _2ddc
_cBK
999 _c7496
_d7496